| 000 | 00950cam a22003253a 4500 | ||
|---|---|---|---|
| 001 | 7186 | ||
| 003 | PGUSA | ||
| 005 | 20140828083141.0 | ||
| 008 | 041201s2004||||xxu|||||s|||||000 | eng d | ||
| 040 |
_aPGUSA _beng |
||
| 042 | _adc | ||
| 050 | 4 | _aPR | |
| 100 | 1 |
_aShakespeare, William, _d1564-1616 |
|
| 245 | 1 | 0 |
_aWas ihr wollt _h[electronic resource] / _cWilliam Shakespeare |
| 260 |
_bProject Gutenberg, _c2004 |
||
| 500 | _aTranslation of Twelfth Night | ||
| 506 | _aPublic domain in the USA. | ||
| 516 | _aElectronic text | ||
| 653 | _aComedies | ||
| 653 | _aBrothers and sisters -- Drama | ||
| 653 | _aIllyria -- Drama | ||
| 653 | _aMistaken identity -- Drama | ||
| 653 | _aTwins -- Drama | ||
| 653 | _aShipwreck survival -- Drama | ||
| 700 | 1 |
_aWieland, Christoph Martin, _d1733-1813 |
|
| 740 | 0 | _aTwelfth Night. German | |
| 830 | 0 |
_aProject Gutenberg _v7186 |
|
| 856 | 4 | 0 | _uhttp://www.gutenberg.org/ebooks/7186 |
| 942 | _cEB | ||
| 999 |
_c236506 _d236506 |
||